LEADER 01337nam a2200373 i 4500 001 991000769499707536 005 20020507173345.0 008 940303s1986 ||| ||| | eng 020 $a0125834306 (alk. paper) 035 $ab10754738-39ule_inst 035 $aLE01302044$9ExL 040 $aDip.to Matematica$beng 082 0 $a514.24 084 $aAMS 55N22 084 $aAMS 55Q 084 $aAMS 55Q40 084 $aQA612.78 100 1 $aRavenel, Douglas C.$057251 245 10$aComplex cobordism and stable homotopy groups of spheres /$cDouglas C. Ravenel 260 $aOrlando ; London :$bAcademic Press,$c1986 300 $axix, 413 p. :$bill. ;$c24 cm. 490 0 $aPure and applied mathematics.$pA series of monographs & textbooks [Academic Press],$x0079-8169 ;$v121 500 $aBibliography: p. 395-406. 500 $aIncludes index. 650 4$aCobordism theory 650 4$aHomotopy groups 650 4$aSpectral sequences 650 4$aSphere 907 $a.b10754738$b23-02-17$c28-06-02 912 $a991000769499707536 945 $aLE013 55Q RAV11 (1986)$g1$i2013000130910$lle013$o-$pE0.00$q-$rl$s- $t0$u0$v0$w0$x0$y.i10848873$z28-06-02 996 $aComplex cobordism and stable homotopy groups of spheres$9381267 997 $aUNISALENTO 998 $ale013$b01-01-94$cm$da $e-$feng$gxx $h0$i1 LEADER 00880nam0-2200265 --450 001 9910890499303321 005 20241021112728.0 010 $a3515063633 100 $a20241021d1993----kmuy0itay5050 ba 101 1 $ager$alat$agrc 102 $aDE 105 $a 001yy 200 1 $aFunus publicum$eeine Studie zur öffentlichen Beisetzung und Gewährung von Ehrengräbern in Rom und den Westprovinzen$fGabriele Wesch-Klein 210 $aStuttgart$cF. Steiner$d1993 215 $a258 p.$d23 cm 225 1 $aHeidelberger althistorische Beiträge und epigraphische Studien$v14 676 $a340.54$v20 700 1$aWesch-Klein,$bGabriele$0471650 801 0$aIT$bUNINA$gREICAT$2UNIMARC 901 $aBK 912 $a9910890499303321 952 $aFONDO PROFESSOR ANTONIO GUARINO IV M 302$bG/1544$fFGBC 959 $aFGBC 996 $aFunus publicum$9857541 997 $aUNINA